[Event "Politiken Cup 2011"]
[Site "Helsingor"]
[Date "2011.07.31"]
[Round "3.43"]
[White "Pedersen, Gunnar"]
[Black "Jorgensen, Carina Eilegaard"]
[Result "1-0"]
[WhiteElo "2218"]
[BlackElo "2030"]
[PlyCount "49"]
[EventDate "2011.??.??"]
[WhiteTeam "Esbjerg"]
[BlackTeam "Taastrup"]

1. d4 Nf6 2. Nf3 e6 3. c4 b6 4. Nc3 Bb7 5. a3 Be7 6. d5 exd5 7. cxd5 O-O 8. e4
d6 9. Bd3 Nfd7 10. O-O a5 11. Be3 Bf6 12. Qc2 Na6 13. Nd4 g6 14. Bb5 Nab8 15.
Rac1 Ne5 16. h3 c6 17. dxc6 Nexc6 18. Nxc6 Bxc6 19. Bxc6 Nxc6 20. Nd5 Nd4 21.
Qd3 Ne6 22. Bxb6 Nf4 23. Bxd8 Nxd3 24. Bxf6 Nxc1 25. Ne7# 1-0

[Event "Politiken Cup 2011"]
[Site "Helsingor"]
[Date "2011.07.31"]
[Round "3.44"]
[White "Percivaldi, Martin"]
[Black "Rauramaa, Kari"]
[Result "1/2-1/2"]
[WhiteElo "1838"]
[BlackElo "2217"]
[PlyCount "105"]
[EventDate "2011.??.??"]
[WhiteTeam "Hillerød"]
[BlackTeam "Matinkylan Shakkikenho"]

1. d4 Nf6 2. c4 g6 3. g3 d5 4. cxd5 Nxd5 5. Bg2 Bg7 6. Nf3 O-O 7. O-O c6 8. h3
Qb6 9. Nc3 Nxc3 10. bxc3 Rd8 11. Qa4 Nd7 12. e3 e5 13. Rd1 exd4 14. cxd4 c5 15.
Ba3 cxd4 16. Nxd4 Nc5 17. Qc4 Ne6 18. Rab1 Qa5 19. Be7 Rd7 20. Bb4 Qd8 21. Bc3
Nxd4 22. Bxd4 Bxd4 23. exd4 Rc7 24. Qe2 Rb8 25. Rb3 Bd7 26. Re3 Rbc8 27. Kh2
Qf6 28. Rd2 b5 29. Re7 Qd6 30. Re5 b4 31. Rc5 a6 32. Rxc7 Rxc7 33. Qe4 Kg7 34.
f4 f6 35. d5 a5 36. Qd4 Qc5 37. Qe4 Bf5 38. Qe2 Re7 39. Qd1 Qd6 40. Re2 Rc7 41.
Qa4 Bd3 42. Rd2 Rc3 43. Qe8 g5 44. fxg5 Qxg3+ 45. Kxg3 Bb5+ 46. Kh2 Bxe8 47. d6
fxg5 48. d7 Bxd7 49. Rxd7+ Kf6 50. Ra7 Rc5 51. Be4 h5 52. Rd7 Ke5 53. Bg6
1/2-1/2

[Event "Politiken Cup 2011"]
[Site "Helsingor"]
[Date "2011.07.31"]
[Round "3.45"]
[White "Johansson, Thomas"]
[Black "Preuss, Flemming"]
[Result "1-0"]
[WhiteElo "2207"]
[BlackElo "1991"]
[PlyCount "107"]
[EventDate "2011.??.??"]
[WhiteTeam "Malmø AS"]
[BlackTeam "Næstved"]

1. c4 g6 2. g3 Bg7 3. Bg2 f5 4. Nc3 Nf6 5. d3 O-O 6. Rb1 c5 7. a3 a5 8. e3 e5
9. Nge2 Nc6 10. Bd2 d6 11. O-O Be6 12. Nd5 Bxd5 13. cxd5 Ne7 14. e4 Qd7 15. f4
Ng4 16. h3 Nh6 17. fxe5 dxe5 18. Qc1 Nf7 19. Qxc5 Rfc8 20. Qf2 Nd6 21. Nc3 b5
22. Rbc1 b4 23. axb4 axb4 24. Ne2 Qb5 25. Bg5 Rxc1 26. Nxc1 Nec8 27. Kh1 Ra7
28. Qc2 Rf7 29. Bd2 Rb7 30. Kh2 b3 31. Qd1 Rc7 32. Bc3 Rb7 33. Re1 fxe4 34.
dxe4 Nc4 35. Qg4 Qe8 36. Nd3 N8d6 37. Nc5 Rf7 38. Qe2 Qb5 39. Ne6 Qb6 40. Ra1
h6 41. Rf1 Ne3 42. Rxf7 Nxf7 43. Be1 Nxg2 44. Kxg2 Qb8 45. Ba5 Bf6 46. Qf3 Be7
47. Bc7 Qb4 48. Qd3 Bd6 49. Bd8 Qe1 50. Bb6 Qb4 51. Be3 Kh7 52. Bd2 Qb6 53. Qf3
Qb7 54. Qf6 1-0

[Event "Politiken Cup 2011"]
[Site "Helsingor"]
[Date "2011.07.31"]
[Round "3.47"]
[White "Molvig, Henrik"]
[Black "Nilsson, Patrik 1978"]
[Result "1-0"]
[WhiteElo "2195"]
[BlackElo "2057"]
[PlyCount "79"]
[EventDate "2011.??.??"]
[WhiteTeam "Roskilde"]

1. d4 d6 2. c4 Nd7 3. Nc3 g6 4. e4 e5 5. Nf3 Bg7 6. Be2 Ngf6 7. O-O O-O 8. Be3
Re8 9. d5 h6 10. Nd2 g5 11. Qc2 Nf8 12. c5 Ng4 13. Bxg4 Bxg4 14. f3 Bd7 15.
cxd6 cxd6 16. Nc4 Qe7 17. Qb3 b5 18. Na5 g4 19. fxg4 Bxg4 20. Nc6 Qd7 21. Qxb5
Ng6 22. Qd3 Kh7 23. Rf2 Rg8 24. Raf1 f6 25. Bc1 Bh8 26. Kh1 Ne7 27. Nxe7 Qxe7
28. Ne2 f5 29. exf5 Bf6 30. Ng3 Kh8 31. Ne4 Qg7 32. Qd2 Kh7 33. Nxd6 Bg5 34.
Qd3 Bf6 35. Ne4 Bh4 36. g3 Bh3 37. Re1 Rad8 38. d6 Qb7 39. Qe3 Bg5 40. Qb3 1-0

[Event "Politiken Cup 2011"]
[Site "Helsingor"]
[Date "2011.07.31"]
[Round "3.46"]
[White "Schultz-Pedersen, Jesper"]
[Black "Jensen, Ib"]
[Result "1-0"]
[WhiteElo "2177"]
[BlackElo "1985"]
[PlyCount "57"]
[EventDate "2011.??.??"]
[WhiteTeam "Allerød"]
[BlackTeam "Helsingør"]

1. e4 e5 2. Nf3 d6 3. Nc3 Nf6 4. Be2 Be7 5. O-O O-O 6. d3 Nc6 7. Nd5 Be6 8. c4
h6 9. h3 Nh7 10. Nh2 Bg5 11. f4 Bxf4 12. Nxf4 exf4 13. d4 Ne7 14. Bxf4 Ng6 15.
Qd3 Qe7 16. Bd2 Rfe8 17. Rae1 c5 18. Bh5 Nhf8 19. d5 Bd7 20. Qg3 Qe5 21. Qf3
Re7 22. Bc3 Qg5 23. e5 dxe5 24. d6 e4 25. Rxe4 Ne5 26. Bxe5 Rxe5 27. Qxf7+ Kh7
28. Nf3 Qxh5 29. Nxe5 1-0

[Event "Politiken Cup 2011"]
[Site "Helsingor"]
[Date "2011.07.31"]
[Round "3.52"]
[White "Kyrkjebo, Erlend"]
[Black "Andersen, Morten"]
[Result "1-0"]
[WhiteElo "1953"]
[BlackElo "2172"]
[PlyCount "79"]
[EventDate "2011.??.??"]
[WhiteTeam "Stavanger"]
[BlackTeam "Centrum"]

1. e4 e5 2. Nf3 Nc6 3. Nc3 Nf6 4. a3 Bc5 5. Nxe5 Nxe5 6. d4 Bxd4 7. Qxd4 d6 8.
Bg5 Nc6 9. Qd2 h6 10. Bh4 g5 11. Bg3 Be6 12. O-O-O Rg8 13. Bb5 Nd7 14. Rhe1 a6
15. Ba4 b5 16. Bb3 Bxb3 17. cxb3 Nc5 18. Qc2 f6 19. e5 fxe5 20. Bxe5 Nxe5 21.
Rxe5+ dxe5 22. Rxd8+ Rxd8 23. Qh7 Nxb3+ 24. Kb1 Nd2+ 25. Ka1 Rf8 26. Qxc7 Nc4
27. Qc6+ Kf7 28. Qxh6 Rd2 29. Ne4 Rxb2 30. Nd6+ Ke7 31. Nxc4 Rbxf2 32. Qd6+ Ke8
33. Qe6+ Kd8 34. Nxe5 Rf1+ 35. Kb2 R8f2+ 36. Kc3 Rc1+ 37. Kb4 Rf4+ 38. Ka5 Kc7
39. Qd7+ Kb8 40. Nc6+ 1-0

[Event "Politiken Cup 2011"]
[Site "Helsingor"]
[Date "2011.07.31"]
[Round "3.53"]
[White "Justinussen, Sigurd B"]
[Black "Rorvik, Jon F"]
[Result "1/2-1/2"]
[WhiteElo "1944"]
[BlackElo "2172"]
[PlyCount "75"]
[EventDate "2011.??.??"]
[BlackTeam "Tempo Sjakk"]

1. e4 e5 2. Bc4 Nc6 3. d3 Nf6 4. Nf3 Bc5 5. Bg5 d6 6. Nbd2 O-O 7. O-O Be6 8. c3
a6 9. Bb3 b5 10. Re1 Bb6 11. a4 Qe7 12. Nf1 h6 13. Be3 Nd7 14. Bc2 f5 15. exf5
Bxf5 16. Bb3+ Be6 17. d4 Bf7 18. dxe5 Ncxe5 19. Nxe5 dxe5 20. Bxb6 Nxb6 21.
axb5 Rad8 22. Bxf7+ Qxf7 23. Qe2 axb5 24. f3 Nc4 25. Rad1 Rde8 26. Ng3 Qg6 27.
Ne4 Rd8 28. b3 Qb6+ 29. Qf2 Qxf2+ 30. Nxf2 Rxd1 31. Nxd1 Na5 32. Rxe5 c6 33. b4
Nc4 34. Rc5 Ra8 35. Kf2 Ra1 36. Ke2 Ra2+ 37. Kf1 Ra1 38. Ke2 1/2-1/2

[Event "Politiken Cup 2011"]
[Site "Helsingor"]
[Date "2011.07.31"]
[Round "3.54"]
[White "Nielsen, Michael"]
[Black "Stolberg-Rohr, Thomine"]
[Result "1-0"]
[WhiteElo "2170"]
[BlackElo "1964"]
[PlyCount "95"]
[EventDate "2011.??.??"]
[WhiteTeam "K41"]
[BlackTeam "Evans"]

1. d4 g6 2. Nf3 Bg7 3. c4 d6 4. Nc3 Nd7 5. g3 e5 6. Bg2 Ne7 7. O-O O-O 8. dxe5
dxe5 9. Qc2 a6 10. Rd1 Rb8 11. b3 Qe8 12. Ba3 e4 13. Ng5 e3 14. f4 h6 15. Nf3
c5 16. Bb2 Nf6 17. Ne5 Nf5 18. Na4 b6 19. Nc6 Bb7 20. Nxb8 Bxg2 21. Nd7 Be4 22.
Nxf6+ Bxf6 23. Qc1 Qe6 24. Nc3 Bxc3 25. Qxc3 f6 26. Qe1 Bc6 27. Qf1 Re8 28. Rd3
Ba8 29. Rad1 Qe4 30. Rd5 Bxd5 31. Rxd5 Nd4 32. Bxd4 cxd4 33. Qd1 g5 34. Rxd4
Qf5 35. Rd5 Qe4 36. fxg5 fxg5 37. Qd3 Qxd3 38. Rxd3 Re6 39. Kg2 g4 40. h3 gxh3+
41. Kxh3 b5 42. c5 b4 43. Rd4 a5 44. Rc4 Rc6 45. Kg4 Kf7 46. Kf4 Rg6 47. c6 Ke7
48. c7 1-0

[Event "Politiken Cup 2011"]
[Site "Helsingor"]
[Date "2011.07.31"]
[Round "3.55"]
[White "Munk, Poul"]
[Black "Schou-Moldt, Thomas"]
[Result "0-1"]
[WhiteElo "1942"]
[BlackElo "2167"]
[PlyCount "126"]
[EventDate "2011.??.??"]
[WhiteTeam "BMS"]
[BlackTeam "Allerød"]

1. d4 Nf6 2. c4 g6 3. g3 Bg7 4. Bg2 O-O 5. Nc3 d6 6. Nf3 Nc6 7. O-O Rb8 8. d5
Na5 9. Qd3 c5 10. e4 Nd7 11. Rb1 a6 12. b3 b5 13. cxb5 axb5 14. Nxb5 Ba6 15. a4
Qb6 16. Bd2 Bxb5 17. Qxb5 Qxb5 18. axb5 Rxb5 19. Bxa5 Rxa5 20. Rfc1 Rb8 21. Bf1
Ra3 22. Bc4 Rb4 23. Kg2 Ra2 24. Rd1 Nb6 25. Bf1 Ra3 26. Nd2 Bd4 27. Nc4 Raxb3
28. Rxb3 Rxb3 29. Nxb6 Rxb6 30. Rd2 Rb4 31. Rc2 Kg7 32. Kf3 Kf6 33. Ke2 Ba1 34.
f3 Rb1 35. f4 g5 36. Bg2 Rg1 37. Kf2 Bd4+ 38. Kf3 Re1 39. Kg4 gxf4 40. gxf4 Bg1
41. h3 Re3 42. Bf3 Ra3 43. Rg2 Be3 44. Rc2 Ra4 45. Rc3 Bd4 46. Rc2 Ra1 47. Kg3
Kg6 48. Bg2 Ra3+ 49. Bf3 f5 50. Kg2 Be3 51. Kg3 Kf6 52. exf5 Kxf5 53. Rc4 Bd4
54. Rc2 Bf6 55. Rc4 Bh4+ 56. Kg2 Ra2+ 57. Kh1 Kf6 58. Re4 Rd2 59. Re6+ Kf5 60.
Rh6 Kxf4 61. Rxh4+ Kxf3 62. Rxh7 c4 63. Rxe7 c3 0-1

[Event "Politiken Cup 2011"]
[Site "Helsingor"]
[Date "2011.07.31"]
[Round "3.56"]
[White "Haubro, Sigfred"]
[Black "Johansen, Stian"]
[Result "1-0"]
[WhiteElo "2164"]
[BlackElo "1961"]
[PlyCount "69"]
[EventDate "2011.??.??"]
[WhiteTeam "BMS"]
[BlackTeam "Moss"]

1. Nf3 Nf6 2. b3 g6 3. Bb2 Bg7 4. e3 c5 5. Be2 Nc6 6. O-O d5 7. d4 cxd4 8. Nxd4
O-O 9. Nd2 Re8 10. c4 e5 11. Nxc6 bxc6 12. Rc1 d4 13. exd4 exd4 14. Bf3 Bb7 15.
c5 Nd5 16. Nc4 Nc3 17. Bxc3 dxc3 18. Nd6 Ba6 19. Bxc6 Bxf1 20. Bxe8 Ba6 21.
Bxf7+ Kf8 22. Bd5 Rb8 23. Qf3+ Qf6 24. Rxc3 Be2 25. Qxf6+ Bxf6 26. Rc2 Bd3 27.
Rd2 Ba6 28. Ne4 Be7 29. f3 Rd8 30. Kf2 Rc8 31. b4 Bb5 32. a3 a5 33. Ke3 axb4
34. axb4 Re8 35. Rd4 1-0

[Event "Politiken Cup 2011"]
[Site "Helsingor"]
[Date "2011.07.31"]
[Round "3.58"]
[White "Bjorneboe, Kristian"]
[Black "Leutwyler, Martin"]
[Result "1-0"]
[WhiteElo "1941"]
[BlackElo "2163"]
[PlyCount "71"]
[EventDate "2011.??.??"]
[WhiteTeam "Helsingør"]
[BlackTeam "St.Gallen"]

1. d4 f5 2. e4 fxe4 3. Nc3 Nf6 4. Bg5 Nc6 5. d5 Ne5 6. Qd4 Nf7 7. Bxf6 exf6 8.
Nxe4 f5 9. Ng3 g6 10. Nf3 Bh6 11. Bc4 O-O 12. h4 Bg7 13. Qd3 d6 14. O-O-O h5
15. Rde1 Bd7 16. c3 Rb8 17. Ne2 b5 18. Bb3 b4 19. Ned4 bxc3 20. bxc3 Qf6 21.
Re6 Bxe6 22. dxe6 Ne5 23. e7+ Rf7 24. Qb5 Rxb5 25. e8=Q+ Bf8 26. Bxf7+ Nxf7 27.
Qxb5 c5 28. Ne2 d5 29. Qd3 Qc6 30. Rd1 d4 31. Qc4 Bh6+ 32. Ng5 Bxg5+ 33. hxg5
Qxg2 34. cxd4 Qxg5+ 35. f4 Qe7 36. dxc5 1-0

[Event "Politiken Cup 2011"]
[Site "Helsingor"]
[Date "2011.07.31"]
[Round "3.59"]
[White "Tuhrim, Richard"]
[Black "Jacobsen, Fredrik Beer"]
[Result "1-0"]
[WhiteElo "2163"]
[BlackElo "1956"]
[PlyCount "65"]
[EventDate "2011.??.??"]
[WhiteTeam "Marshall"]
[BlackTeam "Stavanger"]

1. d4 Nf6 2. c4 g6 3. Nf3 Bg7 4. Nc3 O-O 5. e4 d6 6. Be2 e5 7. dxe5 dxe5 8.
Qxd8 Rxd8 9. Bg5 Re8 10. O-O-O c6 11. Nxe5 Rxe5 12. Rd8+ Re8 13. Bxf6 Rxd8 14.
Bxd8 Bxc3 15. bxc3 Be6 16. f4 Nd7 17. Be7 Nb6 18. c5 Bc4 19. Bf3 Nc8 20. Bf6 a5
21. Rd1 Na7 22. Kb2 a4 23. a3 Be6 24. g4 Re8 25. f5 Bc4 26. Rd7 Ba6 27. Bd1 Kf8
28. e5 Nc8 29. Bxa4 gxf5 30. gxf5 Ne7 31. Bb3 Nd5 32. Bxd5 cxd5 33. Kb3 1-0

[Event "Politiken Cup 2011"]
[Site "Helsingor"]
[Date "2011.07.31"]
[Round "3.61"]
[White "Petersen, Peter Birk"]
[Black "Lyngsjo, Hakan"]
[Result "0-1"]
[WhiteElo "2156"]
[BlackElo "1943"]
[PlyCount "92"]
[EventDate "2011.??.??"]
[WhiteTeam "Taastrup"]

1. e4 Nf6 2. e5 Nd5 3. d4 d6 4. Nf3 dxe5 5. Nxe5 c6 6. Be2 Bf5 7. O-O Nd7 8.
Nd3 e6 9. c4 N5b6 10. Qb3 Qc8 11. Be3 Be7 12. Nd2 O-O 13. Rac1 Rd8 14. Nf3 Nf6
15. Nde5 c5 16. Rfd1 cxd4 17. Nxd4 Be4 18. Nb5 Nbd7 19. Nxa7 Qc7 20. Nxd7 Nxd7
21. Nb5 Qe5 22. Bf1 Nc5 23. Qc3 Qf5 24. b4 Nd3 25. Bxd3 Rxd3 26. Rxd3 Bxd3 27.
a3 Rc8 28. Nd4 Qg6 29. c5 Bf6 30. f3 e5 31. c6 b5 32. Nb3 e4 33. Bd4 exf3 34.
g3 Bg5 35. Re1 Be2 36. c7 Qf5 37. Nd2 Bxd2 38. Qxd2 Rxc7 39. Bc5 Rc8 40. Qe3 h6
41. Ra1 Rd8 42. Re1 Rd3 43. Qe8+ Kh7 44. Kf2 Qh3 45. Rxe2 Qxh2+ 46. Kf1 Rd1+
0-1

[Event "Politiken Cup 2011"]
[Site "Helsingor"]
[Date "2011.07.31"]
[Round "3.74"]
[White "Hansen, Rolf Stig"]
[Black "Klings, Peter"]
[Result "1-0"]
[WhiteElo "1918"]
[BlackElo "2149"]
[PlyCount "109"]
[EventDate "2011.??.??"]
[WhiteTeam "AS04"]
[BlackTeam "St. Gallen"]

1. d4 g6 2. Nf3 Bg7 3. Bf4 Nf6 4. e3 O-O 5. Be2 c5 6. c3 b6 7. Nbd2 Bb7 8. h3
d6 9. O-O Nbd7 10. Qc2 Qc7 11. Bh2 a6 12. a4 Rfe8 13. Rfe1 Rac8 14. Rac1 Qb8
15. Qb3 Qa8 16. Bf1 Bc6 17. Ng5 d5 18. Ngf3 Qb7 19. Ne5 Nxe5 20. Bxe5 c4 21.
Qd1 Bh6 22. Ra1 Nd7 23. Bf4 Bg7 24. Nf3 f6 25. Bg3 b5 26. a5 e5 27. Qc2 e4 28.
Nh2 Re6 29. Be2 Rf8 30. h4 f5 31. Bf4 Bf6 32. Bh6 Rf7 33. g3 Qb8 34. Bf4 Qd8
35. Kg2 Kg7 36. Rg1 h6 37. Kf1 Kh7 38. g4 Bxh4 39. gxf5 gxf5 40. Bh5 Rg7 41.
Rxg7+ Kxg7 42. f3 Bg5 43. Qg2 Kh7 44. Bf7 Rf6 45. Bxg5 hxg5 46. Qxg5 Qf8 47.
Kf2 Qxf7 48. Ng4 Rg6 49. Rh1+ Kg7 50. Qh4 Qg8 51. Qe7+ Qf7 52. Rh7+ Kxh7 53.
Qxf7+ Rg7 54. Qxf5+ Kg8 55. Qe6+ 1-0

[Event "Politiken Cup 2011"]
[Site "Helsingor"]
[Date "2011.07.31"]
[Round "3.62"]
[White "Poulsen, Klaus E"]
[Black "Christensen, Casper"]
[Result "0-1"]
[WhiteElo "2148"]
[BlackElo "1937"]
[PlyCount "86"]
[EventDate "2011.??.??"]
[WhiteTeam "Odysseus"]
[BlackTeam "BMS"]

1. e4 c5 2. Nf3 d6 3. d4 cxd4 4. Nxd4 Nc6 5. Be3 Nf6 6. f3 Bd7 7. Nc3 g6 8. Qd2
h6 9. O-O-O Bg7 10. h4 h5 11. Be2 Ne5 12. Kb1 Bc6 13. Bg5 Kf8 14. f4 Neg4 15.
e5 Nf2 16. exf6 exf6 17. Rhf1 Nxd1 18. Qxd1 fxg5 19. fxg5 Kg8 20. Bc4 d5 21.
Be2 Qb6 22. Nxc6 bxc6 23. Qd3 Rb8 24. b3 Qb4 25. Nd1 Qxh4 26. Qa6 Qd4 27. c3
Qc5 28. Qd3 a5 29. Qg3 Re8 30. Bd3 Be5 31. Qf3 Qe7 32. Kc2 Kg7 33. Ne3 Ref8 34.
g4 Qxg5 35. Rf2 h4 36. Qh3 Bg3 37. Rf3 Re8 38. Nf1 Re1 39. Nd2 Ra1 40. Qg2
Rxa2+ 41. Kd1 Re8 42. Rf1 h3 43. Qxg3 Qxd2# 0-1

[Event "Politiken Cup 2011"]
[Site "Helsingor"]
[Date "2011.07.31"]
[Round "3.64"]
[White "Lercel, Michal"]
[Black "Nielsen, Jens Holm"]
[Result "1-0"]
[WhiteElo "2141"]
[BlackElo "1920"]
[PlyCount "145"]
[EventDate "2011.??.??"]
[WhiteTeam "Oksir Wiznia Mala"]
[BlackTeam "Amager"]

1. e4 e5 2. Nf3 Nc6 3. Bb5 a6 4. Ba4 Nf6 5. O-O Be7 6. Re1 b5 7. Bb3 d6 8. c3
Bg4 9. h3 Bh5 10. d3 Na5 11. Bc2 c5 12. Nbd2 O-O 13. Nf1 Nd7 14. g4 Bg6 15. Ne3
Nb6 16. Nf5 Nc6 17. Qe2 Rc8 18. Bd2 Qc7 19. h4 Bxf5 20. gxf5 Qd8 21. Kh2 Bxh4
22. Rg1 Bf6 23. Rg3 Re8 24. Rag1 Kf8 25. Ng5 Qd7 26. Nxh7+ Ke7 27. Rxg7 Rh8 28.
Qh5 Rcf8 29. Bg5 Bxg5 30. Qxg5+ Ke8 31. Kg2 Qe7 32. Qxe7+ Kxe7 33. Nxf8 Rxf8
34. Kf3 Nb8 35. Rg8 N8d7 36. Rxf8 Kxf8 37. Ke3 Nf6 38. f4 a5 39. fxe5 dxe5 40.
b3 b4 41. d4 Nfd7 42. dxc5 Nxc5 43. cxb4 axb4 44. Bd3 Ncd7 45. Bb5 Nf6 46. Rc1
Kg7 47. Rc6 Nbd7 48. Rc7 Ng4+ 49. Kf3 Ndf6 50. Bc4 Nh6 51. Rb7 Nh7 52. Bd5 Nf6
53. Bc4 Nh7 54. Kg3 Nf6 55. Bd3 Nh5+ 56. Kf3 Nf4 57. Bc4 Nh3 58. Kg3 Ng5 59.
Bd5 Nh7 60. Rxb4 Nf6 61. a4 Nxd5 62. exd5 Nxf5+ 63. Kf2 Nd6 64. a5 e4 65. a6 f5
66. a7 f4 67. a8=Q Kf6 68. Qd8+ Ke5 69. Qe7+ Kxd5 70. Rd4+ Kc6 71. Qxd6+ Kb7
72. Rb4+ Ka8 73. Qa6# 1-0

[Event "Politiken Cup 2011"]
[Site "Helsingor"]
[Date "2011.07.31"]
[Round "3.66"]
[White "Andersson, Christin"]
[Black "Marshall, Michael"]
[Result "1-0"]
[WhiteElo "2134"]
[BlackElo "1918"]
[PlyCount "91"]
[EventDate "2011.??.??"]
[WhiteTeam "SK Bara Bønder"]
[BlackTeam "Odysseus"]

1. e4 c5 2. Nf3 e6 3. Nc3 Nc6 4. Be2 Qc7 5. O-O Nf6 6. d4 cxd4 7. Nxd4 a6 8.
Be3 Bb4 9. Nxc6 bxc6 10. Bd3 O-O 11. f4 Be7 12. Qf3 Bb7 13. Qh3 e5 14. fxe5
Qxe5 15. Bf4 Qc5+ 16. Kh1 Qh5 17. Qg3 c5 18. Bg5 Kh8 19. Rf5 Qg6 20. Bxf6 Qxg3
21. hxg3 gxf6 22. Nd5 Bxd5 23. exd5 Kg7 24. Re1 Bd6 25. Re4 Be5 26. Rg4+ Kh6
27. Rh4+ Kg7 28. Rfh5 Rh8 29. Rg4+ Kf8 30. b3 h6 31. Kg1 d6 32. Kf2 Ke7 33. Ra4
a5 34. Kf3 Bc3 35. Re4+ Be5 36. Reh4 Rag8 37. g4 a4 38. bxa4 Ra8 39. Bb5 Rab8
40. Rxh6 Rxh6 41. Rxh6 Bc3 42. Rh1 Rg8 43. Rb1 Ra8 44. Rb3 Bd4 45. Bc6 Be5 46.
Bxa8 1-0

[Event "Politiken Cup 2011"]
[Site "Helsingor"]
[Date "2011.07.31"]
[Round "3.67"]
[White "Hansen, Verner"]
[Black "Eriksson, Christian"]
[Result "0-1"]
[WhiteElo "1915"]
[BlackElo "2129"]
[PlyCount "134"]
[EventDate "2011.??.??"]
[WhiteTeam "Espergærde"]
[BlackTeam "Herlev"]

1. e4 c5 2. Nc3 Nc6 3. g3 g6 4. Bg2 Bg7 5. f4 d6 6. Nf3 e6 7. d3 Nge7 8. Be3
Nd4 9. O-O O-O 10. Bf2 Rb8 11. Rb1 b5 12. Ne2 Nxf3+ 13. Bxf3 Bb7 14. c4 bxc4
15. dxc4 f5 16. Qd3 Qc7 17. b3 Qc6 18. Nc3 Rfe8 19. Rfe1 Rbd8 20. Rbd1 a6 21.
Re3 Qc8 22. Qe2 Bd4 23. Red3 Nc6 24. exf5 gxf5 25. Bg2 Bg7 26. Qd2 Nb4 27. Re3
Bxg2 28. Kxg2 Bd4 29. Re2 Nc6 30. Bxd4 Nxd4 31. Re3 Qb7+ 32. Kf2 Qf7 33. Ne2
Nc6 34. Nc3 Qh5 35. Kg2 Qf7 36. Rde1 e5 37. Nd5 e4 38. g4 Nd4 39. g5 Nf3 40.
Qc3 Nxe1+ 41. Qxe1 Re6 42. Nf6+ Rxf6 43. gxf6 Qxf6 44. Rg3+ Kh8 45. Qd2 Re8 46.
Kf2 Qd4+ 47. Ke2 d5 48. cxd5 Rd8 49. Qc3 Rxd5 50. Ke1 a5 51. Ke2 Rd6 52. Kf1
Rd7 53. h3 Rg7 54. Re3 Rd7 55. Rg3 h6 56. Ke2 Kh7 57. Qxd4 cxd4 58. a3 Rc7 59.
b4 axb4 60. axb4 d3+ 61. Ke3 Rc4 62. Rg1 Rxb4 63. Rc1 Rb6 64. h4 Kg6 65. Rc5
Rd6 66. Rc1 d2 67. Rd1 Kh5 0-1

[Event "Politiken Cup 2011"]
[Site "Helsingor"]
[Date "2011.07.31"]
[Round "3.68"]
[White "Fjellengen, Bard"]
[Black "Christensen, Janus"]
[Result "1/2-1/2"]
[WhiteElo "1905"]
[BlackElo "2127"]
[PlyCount "121"]
[EventDate "2011.??.??"]
[WhiteTeam "Sarpsborg Sjakklubb"]
[BlackTeam "SK68"]

1. c4 b6 2. Nc3 c5 3. e3 Bb7 4. Nf3 e6 5. d4 Nf6 6. d5 a6 7. a4 Qc7 8. e4 d6 9.
Bd3 exd5 10. exd5 Nbd7 11. O-O O-O-O 12. Re1 h6 13. Bf4 Nh5 14. Bd2 g6 15. Qc2
Bg7 16. Re7 Rhf8 17. Rae1 Bf6 18. R7e2 Ne5 19. Nxe5 Bxe5 20. g3 Qd7 21. f4 Bd4+
22. Be3 Qg4 23. Bxd4 cxd4 24. Ne4 Nxf4 25. Rd2 Nh3+ 26. Kg2 f5 27. Nf2 Nxf2 28.
Rxf2 Qg5 29. Qd2 Rde8 30. Qxg5 hxg5 31. Rfe2 Rxe2+ 32. Rxe2 Rf6 33. Re7 b5 34.
axb5 axb5 35. b3 g4 36. h3 gxh3+ 37. Kxh3 g5 38. Rg7 f4 39. Kg2 fxg3 40. Kxg3
Rh6 41. Rxg5 Rh1 42. Kf4 b4 43. Bf5+ Kc7 44. Rg3 Kb6 45. Rg7 Rf1+ 46. Ke4 d3
47. Rg2 Rb1 48. Kd4 Rxb3 49. Bxd3 Bc8 50. Rf2 Bg4 51. Rf6 Kc7 52. Rf7+ Kd8 53.
Rg7 Bd1 54. Rg1 Bf3 55. Rb1 Rxb1 56. Bxb1 Kc7 57. c5 dxc5+ 58. Kxc5 b3 59. Kc4
Bd1 60. Kc3 Kd6 61. Bd3 1/2-1/2

[Event "Politiken Cup 2011"]
[Site "Helsingor"]
[Date "2011.07.31"]
[Round "3.69"]
[White "Skjoldager, Per"]
[Black "Pedersen, Lars Foldager"]
[Result "1-0"]
[WhiteElo "2126"]
[BlackElo "1916"]
[PlyCount "77"]
[EventDate "2011.??.??"]
[WhiteTeam "Evans"]
[BlackTeam "Frederiksberg"]

1. e4 e5 2. Nf3 Nc6 3. Bc4 Nf6 4. d3 Be7 5. c3 d6 6. Bb3 Bg4 7. h3 Bh5 8. Nbd2
Qd7 9. Nf1 h6 10. Ng3 Bg6 11. Nh4 O-O-O 12. Nxg6 fxg6 13. Bf7 g5 14. Qb3 Kb8
15. Qe6 Qxe6 16. Bxe6 Nd7 17. b4 Bf6 18. Be3 Nf8 19. Bc4 Ne7 20. O-O-O Nfg6 21.
Nf1 Rhf8 22. g3 Nc8 23. Kc2 Nge7 24. Nd2 c6 25. d4 d5 26. dxe5 Bxe5 27. Bb3 Nb6
28. Bc5 Rfe8 29. Rhe1 Ng6 30. a4 Bf6 31. a5 Nc8 32. exd5 Rxe1 33. Rxe1 cxd5 34.
Nf3 Nge7 35. Ne5 Nd6 36. Ng4 Ne4 37. Nxf6 Nxc5 38. Rxe7 Nxb3 39. Re8 1-0

[Event "Politiken Cup 2011"]
[Site "Helsingor"]
[Date "2011.07.31"]
[Round "3.70"]
[White "Hinrichs, Lars"]
[Black "Brastein, Lars"]
[Result "1/2-1/2"]
[WhiteElo "1894"]
[BlackElo "2115"]
[PlyCount "65"]
[EventDate "2011.??.??"]
[WhiteTeam "Hamburger Schachklub"]
[BlackTeam "Sandness"]

1. e4 d5 2. exd5 Qxd5 3. Nc3 Qe5+ 4. Be2 c6 5. Nf3 Qc7 6. d4 Nf6 7. Be3 Bf5 8.
O-O e6 9. Re1 Bd6 10. Bf1 O-O 11. Ne2 h6 12. c4 Bb4 13. Nc3 Nbd7 14. Bd3 Bxd3
15. Qxd3 Rfd8 16. Qc2 Bd6 17. Ne4 Bf8 18. Rad1 g6 19. g3 Qa5 20. a3 Qf5 21.
Nxf6+ Nxf6 22. Qxf5 gxf5 23. Ne5 Bg7 24. Rd3 Nd7 25. Rb3 Nxe5 26. dxe5 b6 27.
f4 Rd7 28. a4 Bf8 29. Re2 Rad8 30. Kf2 Rd3 31. Rxd3 Rxd3 32. Rd2 Rxd2+ 33. Bxd2
1/2-1/2

[Event "Politiken Cup 2011"]
[Site "Helsingor"]
[Date "2011.07.31"]
[Round "3.71"]
[White "Rasmussen, Morten"]
[Black "Brondum, Eric"]
[Result "0-1"]
[WhiteElo "1889"]
[BlackElo "2112"]
[PlyCount "68"]
[EventDate "2011.??.??"]
[WhiteTeam "Enkeltmedlem"]
[BlackTeam "K41"]

1. d4 Nf6 2. c4 e5 3. dxe5 Ng4 4. e4 Nxe5 5. f4 Nec6 6. Nf3 Bc5 7. a3 a5 8. Nc3
d6 9. Qd3 O-O 10. Be3 Na6 11. Be2 Re8 12. O-O Bxe3+ 13. Qxe3 Nc5 14. Bd3 a4 15.
Nd2 f6 16. Rad1 Be6 17. Nb5 Bf7 18. Nd4 Nxd4 19. Qxd4 Qe7 20. Rde1 c6 21. Nf3
Rad8 22. Nh4 Nxd3 23. Qxd3 Qe6 24. Nf5 Qxc4 25. Qg3 Bg6 26. Qf3 Bxf5 27. exf5
Qc5+ 28. Kh1 Qxf5 29. Qf2 Qb5 30. h3 d5 31. Rxe8+ Rxe8 32. Re1 Re4 33. Rxe4
dxe4 34. Qd2 Qd3 0-1

[Event "Politiken Cup 2011"]
[Site "Helsingor"]
[Date "2011.07.31"]
[Round "3.72"]
[White "Bratholm, Palle"]
[Black "Maagaard, David Bille"]
[Result "1-0"]
[WhiteElo "2111"]
[BlackElo "1906"]
[PlyCount "69"]
[EventDate "2011.??.??"]
[WhiteTeam "Sjælsø"]
[BlackTeam "Randers"]

1. e4 Nc6 2. Nf3 e5 3. Bb5 a6 4. Bxc6 dxc6 5. O-O Bg4 6. h3 Bh5 7. d3 f6 8. Be3
Nh6 9. Nbd2 Qd7 10. Nb3 O-O-O 11. Qe2 g5 12. Nc5 Bxc5 13. Bxc5 Rhg8 14. Qe3 b6
15. Ba3 Nf7 16. Nd2 Kb7 17. f3 Bg6 18. Nb3 h5 19. Rad1 Nd6 20. c4 f5 21. c5 f4
22. Qe2 Nb5 23. Qf2 g4 24. fxg4 hxg4 25. hxg4 Qxg4 26. Rd2 Bh5 27. cxb6 cxb6
28. Bc5 f3 29. Bxb6 Qxg2+ 30. Qxg2 Rxg2+ 31. Rxg2 fxg2 32. Bxd8 gxf1=Q+ 33.
Kxf1 Nd4 34. Nc5+ Ka7 35. Bc7 1-0

[Event "Politiken Cup 2011"]
[Site "Helsingor"]
[Date "2011.07.31"]
[Round "3.73"]
[White "Storch, Dominik"]
[Black "Lilja, Richard"]
[Result "0-1"]
[WhiteElo "1883"]
[BlackElo "2111"]
[PlyCount "72"]
[EventDate "2011.??.??"]
[WhiteTeam "Sabt Franfurter SV 1860"]
[BlackTeam "Skørping"]

1. f4 c5 2. Nf3 g6 3. e4 Bg7 4. Bc4 Nc6 5. a3 a6 6. Nc3 b5 7. Ba2 d6 8. O-O e6
9. d3 Nge7 10. Qe1 h6 11. g4 h5 12. g5 O-O 13. Ne2 d5 14. e5 Nf5 15. Qf2 Qe7
16. Be3 Nxe3 17. Qxe3 Rd8 18. c3 Bf8 19. d4 c4 20. Ne1 a5 21. Nc2 Qb7 22. Rf3
Bd7 23. Raf1 b4 24. Bb1 bxa3 25. Nxa3 Qxb2 26. Nxc4 dxc4 27. Rh3 Ne7 28. Ng3
Bc6 29. Ne4 Bxe4 30. Bxe4 Nf5 31. Qf3 Rab8 32. d5 a4 33. d6 a3 34. Rxh5 a2 35.
Qh3 Bg7 36. Bxf5 exf5 0-1

[Event "Politiken Cup 2011"]
[Site "Helsingor"]
[Date "2011.07.31"]
[Round "3.76"]
[White "Jensen, Michael Agermose"]
[Black "Rydstrom, Tom"]
[Result "1-0"]
[WhiteElo "2109"]
[BlackElo "1905"]
[PlyCount "27"]
[EventDate "2011.??.??"]
[WhiteTeam "Frem"]

1. e4 e5 2. f4 exf4 3. Nf3 g5 4. Nc3 g4 5. Ne5 Qh4+ 6. g3 fxg3 7. Qxg4 g2+ 8.
Qxh4 gxh1=Q 9. Qh5 Nh6 10. d4 Nc6 11. Bxh6 Nd8 12. Bg5 d6 13. Bxd8 dxe5 14.
Qxe5+ 1-0